| 000 | 00526nam a2200181 a 4500 | ||
|---|---|---|---|
| 005 | 20230419063518.0 | ||
| 008 | 991125s1951 mx 000 0 spa u | ||
| 035 | _aUPN01000004702 | ||
| 049 | _aCG | ||
| 050 | 4 |
_aDS5.9 _bH4.3 |
|
| 100 | 1 |
_aHernández Millares, Jorge, _d1911-1966 _928894 |
|
| 245 | 1 | 0 |
_aAsia / _cpor Jorge Hernández Millares. |
| 260 |
_aMéxico : _bPatria, _c1951. |
||
| 300 | _a92 p., [12] p. de láms. | ||
| 440 | 0 |
_aCultura para todos ; _v6 |
|
| 651 | 2 |
_aAsia _xDescripción y viajes _92089 |
|
| 905 | _aLibro | ||
| 999 |
_c4702 _d4702 |
||